Handling Ships in Ice: a practical guide to handling class 1A and 1AS ships / (Record no. 97)

000 -LEADER
fixed length control field 00499nam a2200157Ia 4500
008 - FIXED-LENGTH DATA ELEMENTS--GENERAL INFORMATION
fixed length control field 190805s9999||||xx |||||||||||||| ||und||
020 ## - INTERNATIONAL STANDARD BOOK NUMBER
International Standard Book Number 9781870077842
Terms of availability £ 50.00
082 04 - DEWEY DECIMAL CLASSIFICATION NUMBER
Classification number 623.8829
Item number B987
100 1# - MAIN ENTRY--PERSONAL NAME
Personal name Buysee, J.
245 10 - TITLE STATEMENT
Title Handling Ships in Ice: a practical guide to handling class 1A and 1AS ships /
260 ## - PUBLICATION, DISTRIBUTION, ETC. (IMPRINT)
Place of publication, distribution, etc London :
Name of publisher, distributor, etc The Nautical Institute,
Date of publication, distribution, etc 2007
300 ## - PHYSICAL DESCRIPTION
Extent vii, 168 p.
Other physical details : col. Ill.
Dimensions ; 30 cm.
650 #0 - SUBJECT ADDED ENTRY--TOPICAL TERM
Topical term or geographic name as entry element Ice navigation
852 ## - LOCATION/CALL NUMBER
Location
942 ## - ADDED ENTRY ELEMENTS (KOHA)
Item type Books
Holdings
Withdrawn status Lost status Damaged status Not for loan Collection code Permanent location Current location Shelving location Date acquired Source of acquisition Cost, normal purchase price Total Checkouts Full call number Barcode Date last seen Date last borrowed Koha item type Public note
        Nautical Science IMU Kochi Library IMU Kochi Library Reference 2017-05-18 Sterling Book House 4220.00 1 623.8829 B987 BK002972 2023-02-17 2023-02-17 Books Shelf-4, Row-3


Copyright © All Rights Reserved by Indian Maritime University, Kochi Campus.
For any Suggestions/Query Contact to library or Email: library.kochi@imu.ac.in Ph:(0484)-2989402
(Web OPAC Designed by Rudra Ranjan. Maintained by IMU Kochi Library)

Powered by Koha